| 000 | 00506nam a2200181Ia 4500 | ||
|---|---|---|---|
| 005 | 20250326123932.0 | ||
| 008 | 250326s9999 xx 000 0 und d | ||
| 037 | _aTextbook | ||
| 040 |
_aFMSL _beng _cFMSL |
||
| 041 |
_aeng _2eng |
||
| 084 |
_aT(X:8) K1 _qFMSL |
||
| 100 |
_aHacon R J _9736436 |
||
| 245 | 0 |
_aManagement training: aims and methods _cHacon R J |
|
| 260 |
_aLondon _bLondon, English University _c1961 |
||
| 300 | _a253p | ||
| 942 |
_cTB _hT(X:8) K1 |
||
| 999 |
_c1271557 _d1271557 |
||